[Event "DEM U12w 2023"]
[Site "Willingen GER"]
[Date "2023.05.31"]
[Round "5"]
[White "Briese, Sophie"]
[Black "Tu, Audrey"]
[Result "1/2-1/2"]
[Termination "normal"]
[Board "16"]
[WhiteElo "1214"]
[BlackElo "1313"]
[WhiteClock "00:56:21"]
[BlackClock "00:03:33"]
[PlyCount "92"]
[WhiteFideId "34660305"]
[BlackFideId "34628568"]
[EventCountry "GER"]
[EventRounds "9"]
[EventType "swiss"]
[EventDate "2023.05.27"]

1. e4 {[%emt 00:00:03]} e5 {[%clk 01:30:57]} {[%emt 00:00:02]} 2. Nf3 {[%clk
01:31:22]} {[%emt 00:00:07]} Nc6 {[%clk 01:31:23]} {[%emt 00:00:04]} 3. Nc3
{[%clk 01:31:45]} {[%emt 00:00:06]} Nf6 {[%clk 01:31:48]} {[%emt 00:00:05]} 4.
Bb5 {[%emt 00:00:08]} Bb4 {[%clk 01:25:09]} {[%emt 00:07:07]} 5. O-O {[%clk
01:32:29]} {[%emt 00:00:10]} O-O {[%clk 01:18:09]} {[%emt 00:07:30]} 6. d3
{[%clk 01:32:54]} {[%emt 00:00:05]} d6 {[%clk 01:13:21]} {[%emt 00:05:18]} 7.
Bg5 {[%clk 01:33:12]} {[%emt 00:00:12]} a6 {[%clk 01:11:05]} {[%emt 00:02:46]}
8. Bc4 {[%clk 01:31:20]} {[%emt 00:02:21]} h6 {[%clk 00:59:57]} {[%emt
00:11:38]} 9. Bh4 {[%clk 01:31:42]} {[%emt 00:00:09]} Bg4 {[%clk 00:49:07]}
{[%emt 00:11:21]} 10. Nd5 {[%clk 01:31:07]} {[%emt 00:01:04]} g5 {[%clk
00:44:31]} {[%emt 00:05:06]} 11. Bg3 {[%clk 01:26:14]} {[%emt 00:05:23]} Nh5
{[%clk 00:38:22]} {[%emt 00:06:38]} 12. c3 {[%clk 01:24:43]} {[%emt 00:02:01]}
Bc5 {[%clk 00:36:51]} {[%emt 00:02:02]} 13. b4 {[%clk 01:23:40]} {[%emt
00:01:33]} Ba7 {[%clk 00:36:04]} {[%emt 00:01:17]} 14. Kh1 {[%clk 01:23:20]}
{[%emt 00:00:49]} Ne7 {[%clk 00:27:53]} {[%emt 00:08:42]} 15. h3 {[%clk
01:22:22]} {[%emt 00:01:26]} Nxg3+ {[%clk 00:22:59]} {[%emt 00:05:25]} 16. fxg3
{[%clk 01:22:35]} {[%emt 00:00:15]} Be6 {[%clk 00:21:54]} {[%emt 00:01:38]} 17.
Nf6+ {[%clk 01:22:29]} {[%emt 00:00:36]} Kg7 {[%clk 00:20:58]} {[%emt
00:01:25]} 18. Nxg5 {[%clk 01:19:47]} {[%emt 00:03:12]} hxg5 {[%clk 00:17:45]}
{[%emt 00:03:43]} 19. Qh5 {[%clk 01:20:07]} {[%emt 00:00:10]} Rh8 {[%clk
00:17:39]} {[%emt 00:00:37]} 20. Qxg5+ {[%clk 01:20:07]} {[%emt 00:00:30]} Ng6
{[%clk 00:12:59]} {[%emt 00:05:10]} 21. Bxe6 {[%clk 01:19:11]} {[%emt
00:01:26]} fxe6 {[%clk 00:11:53]} {[%emt 00:01:37]} 22. Nh5+ {[%clk 01:19:13]}
{[%emt 00:00:28]} Rxh5 {[%clk 00:11:47]} {[%emt 00:00:35]} 23. Qxh5 {[%clk
01:19:23]} {[%emt 00:00:20]} Qh8 {[%clk 00:11:36]} {[%emt 00:00:40]} 24. Qg4
{[%clk 01:17:38]} {[%emt 00:02:16]} Re8 {[%clk 00:09:26]} {[%emt 00:02:40]} 25.
Rf3 {[%clk 01:17:35]} {[%emt 00:00:33]} Qh6 {[%clk 00:08:45]} {[%emt 00:01:12]}
26. Raf1 {[%clk 01:16:06]} {[%emt 00:01:59]} Kh8 {[%clk 00:07:35]} {[%emt
00:01:40]} 27. Rf6 {[%clk 01:14:48]} {[%emt 00:01:48]} Rf8 {[%clk 00:06:24]}
{[%emt 00:01:41]} 28. Qxe6 {[%clk 01:12:52]} {[%emt 00:02:25]} Rxf6 {[%clk
00:05:04]} {[%emt 00:01:50]} 29. Qxf6+ {[%clk 01:13:01]} {[%emt 00:00:20]} Qg7
{[%clk 00:05:14]} {[%emt 00:00:21]} 30. Qd8+ {[%clk 01:12:09]} {[%emt
00:01:22]} Kh7 {[%emt 00:01:58]} 31. Rf5 {[%clk 01:11:03]} {[%emt 00:00:17]}
Qg8 {[%clk 00:03:59]} {[%emt 00:01:33]} 32. Qxc7+ {[%clk 01:07:38]} {[%emt
00:03:57]} Kh6 {[%clk 00:03:44]} {[%emt 00:00:46]} 33. g4 {[%clk 01:06:28]}
{[%emt 00:01:40]} Nf4 {[%clk 00:03:24]} {[%emt 00:00:44]} 34. Qxd6+ {[%clk
01:05:34]} {[%emt 00:01:30]} Kh7 {[%clk 00:02:32]} {[%emt 00:01:22]} 35. g5
{[%clk 01:01:51]} {[%emt 00:04:13]} Ng6 {[%clk 00:02:11]} {[%emt 00:00:50]} 36.
Qd7+ {[%clk 01:00:12]} {[%emt 00:02:10]} Kh8 {[%clk 00:02:07]} {[%emt
00:00:34]} 37. Qf7 {[%clk 00:58:57]} {[%emt 00:01:46]} Qxf7 {[%clk 00:02:00]}
{[%emt 00:00:37]} 38. Rxf7 {[%clk 00:59:20]} {[%emt 00:00:07]} Nf4 {[%clk
00:02:04]} {[%emt 00:00:25]} 39. Rxb7 {[%clk 00:58:25]} {[%emt 00:01:25]} Bf2
{[%clk 00:02:10]} {[%emt 00:00:24]} 40. c4 {[%clk 00:57:09]} {[%emt 00:01:47]}
Ne2 {[%clk 00:01:14]} {[%emt 00:01:26]} 41. c5 {[%clk 00:56:07]} {[%emt
00:01:32]} Ng3+ {[%clk 00:01:25]} {[%emt 00:00:18]} 42. Kh2 {[%clk 00:56:30]}
{[%emt 00:00:07]} Nf1+ {[%clk 00:01:52]} {[%emt 00:00:04]} 43. Kh1 {[%clk
00:55:25]} {[%emt 00:01:33]} Ng3+ {[%clk 00:02:11]} {[%emt 00:00:12]} 44. Kh2
{[%clk 00:55:47]} {[%emt 00:00:08]} Nf1+ {[%clk 00:02:37]} {[%emt 00:00:04]}
45. Kh1 {[%clk 00:56:11]} {[%emt 00:00:06]} Ng3+ {[%clk 00:03:05]} {[%emt
00:00:02]} 46. Kh2 {[%clk 00:56:21]} {[%emt 00:00:20]} Nf1+ {[%clk 00:03:33]}
{[%emt 00:00:03]} 1/2-1/2

[Event "DEM U12w 2023"]
[Site "Willingen GER"]
[Date "2023.05.31"]
[Round "5"]
[White "Weyerer, Elea"]
[Black "Eitel, Liz"]
[Result "1-0"]
[Termination "normal"]
[Board "18"]
[WhiteElo "1408"]
[BlackElo "971"]
[WhiteClock "00:46:37"]
[BlackClock "01:22:07"]
[PlyCount "133"]
[WhiteFideId "34605770"]
[BlackFideId "34622195"]
[EventCountry "GER"]
[EventRounds "9"]
[EventType "swiss"]
[EventDate "2023.05.27"]

1. d4 {[%clk 01:30:58]} {[%emt 00:00:01]} d5 {[%clk 01:30:56]} {[%emt
00:00:05]} 2. Bf4 {[%clk 01:31:19]} {[%emt 00:00:08]} e6 {[%clk 01:31:18]}
{[%emt 00:00:08]} 3. e3 {[%clk 01:31:34]} {[%emt 00:00:15]} c5 {[%clk
01:31:42]} {[%emt 00:00:06]} 4. c3 {[%clk 01:31:36]} {[%emt 00:00:28]} Bd6
{[%clk 01:32:03]} {[%emt 00:00:09]} 5. Bg3 {[%clk 01:30:54]} {[%emt 00:01:12]}
Qc7 {[%clk 01:32:25]} {[%emt 00:00:08]} 6. Bd3 {[%clk 01:29:12]} {[%emt
00:02:12]} Nf6 {[%clk 01:32:49]} {[%emt 00:00:07]} 7. Nd2 {[%clk 01:27:02]}
{[%emt 00:02:40]} e5 {[%clk 01:28:08]} {[%emt 00:05:11]} 8. dxe5 {[%clk
01:23:34]} {[%emt 00:03:57]} Bxe5 {[%clk 01:28:28]} {[%emt 00:00:10]} 9. Ngf3
{[%clk 01:19:46]} {[%emt 00:04:18]} Bd6 {[%clk 01:27:52]} {[%emt 00:01:07]} 10.
c4 {[%clk 01:18:19]} {[%emt 00:01:58]} Nbd7 {[%clk 01:24:02]} {[%emt 00:04:19]}
11. cxd5 {[%clk 01:06:53]} {[%emt 00:11:56]} Nxd5 {[%clk 01:24:22]} {[%emt
00:00:10]} 12. Bc4 {[%clk 01:05:10]} {[%emt 00:02:13]} Ne7 {[%clk 01:22:09]}
{[%emt 00:02:44]} 13. Nb3 {[%clk 01:03:00]} {[%emt 00:02:40]} Nf5 {[%clk
01:20:47]} {[%emt 00:01:52]} 14. Qd5 {[%clk 01:00:05]} {[%emt 00:03:24]} Nf6
{[%clk 01:17:46]} {[%emt 00:03:31]} 15. Bxd6 {[%clk 00:57:59]} {[%emt
00:02:36]} Nxd5 {[%clk 01:14:39]} {[%emt 00:03:37]} 16. Bxc7 {[%clk 00:58:18]}
{[%emt 00:00:12]} Nxc7 {[%clk 01:15:02]} {[%emt 00:00:07]} 17. Nxc5 {[%clk
00:57:27]} {[%emt 00:01:20]} b6 {[%clk 01:13:54]} {[%emt 00:01:39]} 18. Nb3
{[%clk 00:55:57]} {[%emt 00:01:55]} Ne6 {[%clk 01:12:54]} {[%emt 00:01:35]} 19.
Bb5+ {[%clk 00:52:00]} {[%emt 00:04:25]} Ke7 {[%clk 01:12:59]} {[%emt
00:00:26]} 20. Rd1 {[%clk 00:51:30]} {[%emt 00:00:57]} Bb7 {[%clk 01:12:38]}
{[%emt 00:00:54]} 21. Rd7+ {[%clk 00:51:14]} {[%emt 00:00:45]} Kf6 {[%clk
01:12:11]} {[%emt 00:00:57]} 22. Rxb7 {[%clk 00:51:22]} {[%emt 00:00:23]} Rac8
{[%clk 01:12:20]} {[%emt 00:00:15]} 23. Rxa7 {[%clk 00:50:00]} {[%emt
00:01:59]} Rc2 {[%clk 01:11:40]} {[%emt 00:00:59]} 24. Bd3 {[%clk 00:49:17]}
{[%emt 00:01:18]} Rxb2 {[%clk 01:11:56]} {[%emt 00:00:19]} 25. Bxf5 {[%clk
00:49:32]} {[%emt 00:00:15]} Kxf5 {[%clk 01:12:20]} {[%emt 00:00:07]} 26. Rxf7+
{[%clk 00:47:28]} {[%emt 00:02:33]} Kg6 {[%clk 01:12:41]} {[%emt 00:00:09]} 27.
Ne5+ {[%clk 00:47:23]} {[%emt 00:00:32]} Kh6 {[%clk 01:11:25]} {[%emt
00:01:43]} 28. O-O {[%clk 00:47:14]} {[%emt 00:00:45]} Rxa2 {[%clk 01:11:12]}
{[%emt 00:00:43]} 29. Rb7 {[%clk 00:46:20]} {[%emt 00:01:23]} Ra6 {[%clk
01:11:19]} {[%emt 00:00:22]} 30. Ra1 {[%clk 00:46:02]} {[%emt 00:00:48]} Rxa1+
{[%clk 01:11:32]} {[%emt 00:00:20]} 31. Nxa1 {[%clk 00:46:23]} {[%emt
00:00:08]} Ra8 {[%clk 01:11:54]} {[%emt 00:00:07]} 32. Nb3 {[%clk 00:46:09]}
{[%emt 00:00:42]} Ra6 {[%clk 01:12:18]} {[%emt 00:00:10]} 33. h3 {[%clk
00:45:51]} {[%emt 00:00:47]} Nc5 {[%clk 01:12:00]} {[%emt 00:00:48]} 34. Nxc5
{[%clk 00:45:53]} {[%emt 00:00:29]} bxc5 {[%clk 01:12:26]} {[%emt 00:00:04]}
35. g4 {[%clk 00:45:21]} {[%emt 00:00:58]} Ra1+ {[%clk 01:12:30]} {[%emt
00:00:30]} 36. Kg2 {[%clk 00:45:31]} {[%emt 00:00:15]} Kg5 {[%clk 01:12:39]}
{[%emt 00:00:22]} 37. f4+ {[%clk 00:45:41]} {[%emt 00:00:21]} Kf6 {[%clk
01:12:48]} {[%emt 00:00:23]} 38. Rc7 {[%clk 00:45:41]} {[%emt 00:00:19]} Rc1
{[%clk 01:13:15]} {[%emt 00:00:14]} 39. Nd7+ {[%clk 00:46:02]} {[%emt
00:00:06]} Ke6 {[%clk 01:13:40]} {[%emt 00:00:08]} 40. Rxc5 {[%clk 00:45:13]}
{[%emt 00:01:20]} Ra1 {[%clk 01:13:57]} {[%emt 00:00:13]} 41. Nf8+ {[%clk
00:44:44]} {[%emt 00:00:56]} Kd6 {[%clk 01:14:17]} {[%emt 00:00:12]} 42. Rg5
{[%clk 00:44:22]} {[%emt 00:00:48]} Ra7 {[%clk 01:14:21]} {[%emt 00:00:26]} 43.
Nxh7 {[%clk 00:44:32]} {[%emt 00:00:24]} Ke6 {[%clk 01:14:36]} {[%emt
00:00:15]} 44. Re5+ {[%clk 00:43:55]} {[%emt 00:01:02]} Kf7 {[%clk 01:14:55]}
{[%emt 00:00:16]} 45. Ng5+ {[%clk 00:44:07]} {[%emt 00:00:13]} Kf8 {[%clk
01:15:18]} {[%emt 00:00:12]} 46. Rf5+ {[%clk 00:43:48]} {[%emt 00:00:49]} Kg8
{[%clk 01:15:37]} {[%emt 00:00:12]} 47. Rb5 {[%clk 00:43:44]} {[%emt 00:00:29]}
Kf8 {[%clk 01:15:50]} {[%emt 00:00:22]} 48. e4 {[%clk 00:43:11]} {[%emt
00:00:59]} Re7 {[%clk 01:16:04]} {[%emt 00:00:19]} 49. Rb8+ {[%clk 00:42:58]}
{[%emt 00:00:44]} Re8 {[%clk 01:16:25]} {[%emt 00:00:09]} 50. Ne6+ {[%clk
00:42:48]} {[%emt 00:00:32]} Kf7 {[%clk 01:16:36]} {[%emt 00:00:27]} 51. Rxe8
{[%clk 00:43:11]} {[%emt 00:00:07]} Kxe8 {[%clk 01:16:56]} {[%emt 00:00:11]}
52. Nxg7+ {[%clk 00:43:35]} {[%emt 00:00:05]} Kf8 {[%clk 01:17:22]} {[%emt
00:00:04]} 53. Ne6+ {[%clk 00:43:44]} {[%emt 00:00:18]} Kf7 {[%clk 01:17:48]}
{[%emt 00:00:07]} 54. Nc5 {[%clk 00:43:57]} {[%emt 00:00:10]} Kf6 {[%clk
01:18:16]} {[%emt 00:00:07]} 55. h4 {[%clk 00:44:03]} {[%emt 00:00:24]} Kg6
{[%clk 01:18:41]} {[%emt 00:00:06]} 56. e5 {[%clk 00:44:17]} {[%emt 00:00:13]}
Kf7 {[%clk 01:19:09]} {[%emt 00:00:05]} 57. f5 {[%clk 00:44:38]} {[%emt
00:00:09]} Kg7 {[%clk 01:19:25]} {[%emt 00:00:12]} 58. g5 {[%clk 00:44:43]}
{[%emt 00:00:26]} Kf7 {[%clk 01:19:52]} {[%emt 00:00:03]} 59. g6+ {[%clk
00:44:39]} {[%emt 00:00:34]} Kg7 {[%clk 01:20:18]} {[%emt 00:00:04]} 60. e6
{[%clk 00:44:47]} {[%emt 00:00:22]} Kf6 {[%clk 01:20:43]} {[%emt 00:00:06]} 61.
h5 {[%clk 00:44:58]} {[%emt 00:00:19]} Kg7 {[%clk 01:20:52]} {[%emt 00:01:15]}
62. e7 {[%clk 00:45:14]} {[%emt 00:00:13]} Kf6 {[%clk 01:21:17]} {[%emt
00:00:05]} 63. e8=Q {[%clk 00:45:28]} {[%emt 00:00:17]} Kxf5 {[%clk 01:21:38]}
{[%emt 00:00:09]} 64. Qe6+ {[%clk 00:45:43]} {[%emt 00:00:14]} Kg5 {[%clk
01:21:49]} {[%emt 00:00:19]} 65. g7 {[%clk 00:45:56]} {[%emt 00:00:17]} Kxh5
{[%clk 01:21:56]} {[%emt 00:00:23]} 66. g8=Q {[%clk 00:46:13]} {[%emt
00:00:14]} Kh4 {[%clk 01:22:07]} {[%emt 00:00:19]} 67. Qeg4# {[%clk 00:46:37]}
{[%emt 00:00:04]} 0-1

[Event "DEM U12w 2023"]
[Site "Willingen GER"]
[Date "2023.05.31"]
[Round "5"]
[White "Baus, Louise Marie"]
[Black "Rutschmann, Polly"]
[Result "0-1"]
[Termination "normal"]
[Board "19"]
[WhiteElo "759"]
[BlackElo "1023"]
[WhiteClock "01:33:56"]
[BlackClock "01:03:36"]
[PlyCount "134"]
[WhiteFideId "34660291"]
[BlackFideId "34621261"]
[EventCountry "GER"]
[EventRounds "9"]
[EventType "swiss"]
[EventDate "2023.05.27"]

1. e4 {[%clk 01:30:58]} {[%emt 00:00:01]} e5 {[%clk 01:30:42]} {[%emt
00:00:18]} 2. Nf3 {[%clk 01:31:21]} {[%emt 00:00:07]} Nc6 {[%clk 01:30:39]}
{[%emt 00:00:33]} 3. Bc4 {[%clk 01:31:43]} {[%emt 00:00:09]} Bc5 {[%clk
01:30:28]} {[%emt 00:00:41]} 4. d3 {[%clk 01:31:58]} {[%emt 00:00:15]} h6
{[%clk 01:30:27]} {[%emt 00:00:29]} 5. O-O {[%clk 01:32:15]} {[%emt 00:00:14]}
d6 {[%clk 01:30:41]} {[%emt 00:00:16]} 6. Nc3 {[%clk 01:32:24]} {[%emt
00:00:22]} Bg4 {[%clk 01:30:52]} {[%emt 00:00:18]} 7. Bb5 {[%clk 01:32:39]}
{[%emt 00:00:16]} Nge7 {[%clk 01:29:15]} {[%emt 00:02:07]} 8. h3 {[%clk
01:32:59]} {[%emt 00:00:10]} Bh5 {[%clk 01:29:31]} {[%emt 00:00:13]} 9. g4
{[%clk 01:33:15]} {[%emt 00:00:14]} Bg6 {[%clk 01:29:51]} {[%emt 00:00:09]} 10.
Be3 {[%clk 01:32:49]} {[%emt 00:00:57]} Qc8 {[%clk 01:26:02]} {[%emt 00:04:20]}
11. Nd5 {[%emt 00:03:11]} O-O {[%clk 01:23:46]} {[%emt 00:00:24]} 12. Nxe7+
{[%clk 01:32:37]} {[%emt 00:00:22]} Nxe7 {[%clk 01:24:04]} {[%emt 00:00:12]}
13. d4 {[%clk 01:32:23]} {[%emt 00:00:44]} exd4 {[%clk 01:23:46]} {[%emt
00:00:48]} 14. Bxd4 {[%clk 01:32:39]} {[%emt 00:00:14]} Bxe4 {[%clk 01:22:40]}
{[%emt 00:01:35]} 15. Bxc5 {[%clk 01:31:44]} {[%emt 00:01:25]} dxc5 {[%clk
01:22:51]} {[%emt 00:00:19]} 16. Qe2 {[%clk 01:31:42]} {[%emt 00:00:32]} Qe6
{[%clk 01:19:53]} {[%emt 00:03:28]} 17. Bc4 {[%clk 01:31:33]} {[%emt 00:00:39]}
Bd5 {[%clk 01:19:04]} {[%emt 00:01:19]} 18. Bd3 {[%clk 01:30:43]} {[%emt
00:01:21]} Qf6 {[%clk 01:17:21]} {[%emt 00:02:11]} 19. Be4 {[%clk 01:30:40]}
{[%emt 00:00:34]} Bxe4 {[%clk 01:15:12]} {[%emt 00:02:39]} 20. Qxe4 {[%clk
01:30:54]} {[%emt 00:00:16]} Rfe8 {[%clk 01:14:53]} {[%emt 00:00:49]} 21. Rae1
{[%clk 01:30:34]} {[%emt 00:00:50]} Kf8 {[%clk 01:13:59]} {[%emt 00:01:24]} 22.
Nd2 {[%clk 01:29:52]} {[%emt 00:01:13]} Qxb2 {[%clk 01:12:41]} {[%emt
00:01:47]} 23. Ra1 {[%clk 01:29:37]} {[%emt 00:00:46]} Qc3 {[%clk 01:11:18]}
{[%emt 00:01:51]} 24. Rad1 {[%clk 01:29:41]} {[%emt 00:00:25]} Nc6 {[%clk
01:10:52]} {[%emt 00:00:58]} 25. Qc4 {[%clk 01:29:22]} {[%emt 00:00:49]} Qxc4
{[%clk 01:08:48]} {[%emt 00:02:35]} 26. Nxc4 {[%clk 01:29:36]} {[%emt
00:00:17]} Rad8 {[%clk 01:08:53]} {[%emt 00:00:25]} 27. Nb2 {[%clk 01:29:39]}
{[%emt 00:00:27]} Rxd1 {[%clk 01:09:00]} {[%emt 00:00:23]} 28. Rxd1 {[%clk
01:29:53]} {[%emt 00:00:16]} Nb4 {[%clk 01:09:20]} {[%emt 00:00:11]} 29. a3
{[%clk 01:28:53]} {[%emt 00:01:31]} Nxc2 {[%clk 01:09:19]} {[%emt 00:00:29]}
30. Nc4 {[%clk 01:29:03]} {[%emt 00:00:21]} Re4 {[%clk 01:07:49]} {[%emt
00:01:59]} 31. Nd2 {[%clk 01:29:18]} {[%emt 00:00:16]} Rd4 {[%clk 01:07:36]}
{[%emt 00:00:43]} 32. f3 {[%clk 01:28:39]} {[%emt 00:01:09]} Nxa3 {[%clk
01:07:42]} {[%emt 00:00:23]} 33. Kg2 {[%clk 01:28:48]} {[%emt 00:00:21]} b5
{[%clk 01:07:59]} {[%emt 00:00:14]} 34. Kf2 {[%clk 01:28:30]} {[%emt 00:00:48]}
b4 {[%clk 01:08:09]} {[%emt 00:00:19]} 35. Ke3 {[%clk 01:28:49]} {[%emt
00:00:10]} b3 {[%clk 01:08:17]} {[%emt 00:00:22]} 36. Ra1 {[%clk 01:28:57]}
{[%emt 00:00:22]} Rxd2 {[%clk 01:04:40]} {[%emt 00:04:07]} 37. Rxa3 {[%clk
01:28:33]} {[%emt 00:00:55]} b2 {[%clk 01:03:50]} {[%emt 00:01:20]} 38. Rb3
{[%clk 01:28:55]} {[%emt 00:00:09]} Rh2 {[%clk 01:03:12]} {[%emt 00:01:07]} 39.
Kd3 {[%clk 01:28:55]} {[%emt 00:00:30]} Rxh3 {[%clk 01:02:06]} {[%emt
00:01:36]} 40. Rxb2 {[%clk 01:29:11]} {[%emt 00:00:15]} Rxf3+ {[%clk 01:02:12]}
{[%emt 00:00:23]} 41. Kc4 {[%clk 01:29:32]} {[%emt 00:00:10]} Rf4+ {[%clk
01:02:28]} {[%emt 00:00:14]} 42. Kxc5 {[%clk 01:29:51]} {[%emt 00:00:11]} Rxg4
{[%clk 01:02:44]} {[%emt 00:00:13]} 43. Rb8+ {[%clk 01:30:12]} {[%emt
00:00:10]} Ke7 {[%clk 01:03:01]} {[%emt 00:00:13]} 44. Kc6 {[%clk 01:30:31]}
{[%emt 00:00:11]} f5 {[%clk 01:02:39]} {[%emt 00:00:52]} 45. Kxc7 {[%clk
01:30:53]} {[%emt 00:00:08]} f4 {[%clk 01:02:49]} {[%emt 00:00:19]} 46. Rb4
{[%clk 01:31:14]} {[%emt 00:00:10]} h5 {[%clk 01:02:59]} {[%emt 00:00:20]} 47.
Kb7 {[%clk 01:31:36]} {[%emt 00:00:08]} h4 {[%clk 01:03:16]} {[%emt 00:00:13]}
48. Kxa7 {[%clk 01:31:42]} {[%emt 00:00:24]} h3 {[%clk 01:03:36]} {[%emt
00:00:09]} 49. Re4 {[%clk 01:32:07]} {[%emt 00:00:06]} Kf6 {[%clk 01:03:54]}
{[%emt 00:00:12]} 50. Kb6 {[%clk 01:32:23]} {[%emt 00:00:14]} h2 {[%clk
01:04:15]} {[%emt 00:00:07]} 51. Re1 {[%clk 01:32:45]} {[%emt 00:00:09]} Rg1
{[%clk 01:04:26]} {[%emt 00:00:19]} 52. Re4 {[%clk 01:32:28]} {[%emt 00:00:47]}
h1=Q {[%clk 01:03:37]} {[%emt 00:01:18]} 53. Rxf4 {[%clk 01:32:53]} {[%emt
00:00:06]} Kg5 {[%emt 00:00:24]} 54. Rf7 {[%emt 00:00:15]} Rc1 {[%clk
01:02:58]} {[%emt 00:00:29]} 55. Rxg7+ {[%clk 01:33:09]} {[%emt 00:00:14]} Kh6
{[%clk 01:02:55]} {[%emt 00:00:32]} 56. Rb7 {[%clk 01:33:26]} {[%emt 00:00:14]}
Qc6+ {[%clk 01:03:02]} {[%emt 00:00:20]} 57. Ka7 {[%clk 01:33:38]} {[%emt
00:00:21]} Qc8 {[%clk 01:01:21]} {[%emt 00:02:11]} 58. Rb6+ {[%clk 01:33:43]}
{[%emt 00:00:25]} Rc6 {[%clk 01:01:19]} {[%emt 00:00:31]} 59. Rb7 {[%clk
01:33:56]} {[%emt 00:00:18]} Rc7 {[%clk 01:01:11]} {[%emt 00:00:37]} 60. Rxc7
{[%clk 01:33:16]} {[%emt 00:01:11]} Qxc7+ {[%clk 01:01:32]} {[%emt 00:00:09]}
61. Ka6 {[%clk 01:33:24]} {[%emt 00:00:22]} Qb8 {[%clk 01:01:50]} {[%emt
00:00:11]} 62. Ka5 {[%clk 01:32:05]} {[%emt 00:01:51]} Kg6 {[%clk 01:02:13]}
{[%emt 00:00:06]} 63. Ka6 {[%clk 01:32:25]} {[%emt 00:00:11]} Kf6 {[%clk
01:02:38]} {[%emt 00:00:04]} 64. Ka5 {[%clk 01:32:48]} {[%emt 00:00:08]} Ke6
{[%clk 01:02:59]} {[%emt 00:00:08]} 65. Ka6 {[%clk 01:33:13]} {[%emt 00:00:06]}
Kd6 {[%clk 01:03:21]} {[%emt 00:00:07]} 66. Ka5 {[%clk 01:33:34]} {[%emt
00:00:09]} Kc6 {[%clk 01:03:44]} {[%emt 00:00:06]} 67. Ka6 {[%clk 01:33:56]}
{[%emt 00:00:09]} Qb6# {[%clk 01:03:36]} {[%emt 00:00:07]} 0-1